| 000 | 00919nam a2200205Ia 4500 | ||
|---|---|---|---|
| 003 | Ost | ||
| 005 | 20260507075801.0 | ||
| 008 | 260507s9999||||xx |||||||||||||| ||und|| | ||
| 040 | _cfsecg | ||
| 041 | _aara | ||
| 100 |
_aرحمة، منى _eمؤلف |
||
| 245 | 0 |
_aالسياسات الزراعية في البلدان العربية / _c منى رحمة |
|
| 260 |
_aبيروت: _bمركز دراسات الوحدة العربية, _c2000 |
||
| 300 |
_a336 صفحة؛ _bإيضاحات ؛ _c24 سم |
||
| 504 | _aبيليوغرافيا: ص.ص 331-336 | ||
| 520 | _aالاصلاحات الزراعية في البلدان العربية، المشاكل الزراعية الحالية في البلدان العربية، السياسات الزراعية العربية الراهنة. | ||
| 653 | _aالزراعة-البلدان العربية | ||
| 653 | _aالسياسة الزراعية | ||
| 942 | _cكتاب | ||
| 999 |
_c46270 _d46270 |
||